[Event "Stuttgart-chB int"]
[Site "Ditzingen"]
[Date "2012.05.19"]
[Round "5"]
[White "Zacke, Tim"]
[Black "Kim, Vladimir"]
[Result "1-0"]
[WhiteElo "1830"]
[BlackElo "1826"]
[PlyCount "107"]
[EventDate "2012.05.17"]
[EventType "swiss"]
[EventRounds "7"]
[EventCountry "GER"]
[SourceTitle "EXT 2018"]
[Source "ChessBase"]
[SourceDate "2017.10.13"]
[SourceVersion "1"]
[SourceVersionDate "2017.10.13"]
[SourceQuality "1"]

1. e4 e5 2. Nf3 d6 3. Bc4 h6 4. h3 Nf6 5. d3 Nc6 6. Nc3 Na5 7. Bb3 Nxb3 8. axb3 a6 9. Be3 c5 10. Qd2 Be7 11. Nh2 Nh7 12. Nd5 Be6 13. b4 Bxd5 14. exd5 b6 15. bxc5 dxc5 16. c4 Bg5 17. Nf3 Bxe3 18. Qxe3 0-0 19. 0-0 f6 20. Rfb1 a5 21. Ra3 Qd7 22. Rba1 Rfb8 23. Nd2 Nf8 24. Ne4 Rc8 25. Rb3 Rab8 26. Rb5 Qd8 27. Ra3 Ra8 28. Qg3 Kh7 29. Qg4 Rcb8 30. h4 g6 31. h5 Ra7 32. hxg6+ Nxg6 33. Qf5 Rf7 34. Rab3 a4 35. Ra3 Ra8 36. Qe6 Kg7 37. Qxb6 Qc8 38. Qe6 Qf8 39. Nxc5 Nf4 40. Qg4+ Kh8 41. Ne6 Qe7 42. Nxf4 exf4 43. Qxf4 Rg8 44. Rb8 Qe1+ 45. Kh2 Rfg7 46. Rxg8+ Kxg8 47. d4 Qe2 48. d6 Qxb2 49. Rxa4 Qe2 50. Ra8+ Kf7 51. Ra7+ Kf8 52. Qxf6+ Ke8 53. Ra8+ Kd7 54. Qxg7+ 1-0

[Event "Stuttgart-chB int"]
[Site "Gerlingen"]
[Date "2011.06.04"]
[Round "6"]
[White "Wohlfahrt, Michael"]
[Black "Zacke, Tim"]
[Result "1-0"]
[WhiteElo "1761"]
[BlackElo "1814"]
[PlyCount "55"]
[EventDate "2011.06.02"]
[EventType "swiss"]
[EventRounds "7"]
[EventCountry "GER"]
[SourceTitle "EXT 2018"]
[Source "ChessBase"]
[SourceDate "2017.10.13"]
[SourceVersion "1"]
[SourceVersionDate "2017.10.13"]
[SourceQuality "1"]

1. e4 e5 2. Nf3 Nc6 3. Nc3 Nf6 4. d4 exd4 5. Nxd4 Nxd4 6. Qxd4 d6 7. Bg5 Be7 8. 0-0-0 h6 9. Be3 Ng4 10. h3 Bf6 11. Qd2 Nxe3 12. Qxe3 Bd7 13. Kb1 Bc6 14. e5 Be7 15. Bc4 0-0 16. Rhg1 a6 17. f4 b5 18. Bd5 Bxd5 19. Nxd5 Re8 20. Qc3 Ra7 21. Qc6 Bf8 22. g3 dxe5 23. Nxc7 Qxc7 24. Qxe8 exf4 25. gxf4 Qxf4 26. Rgf1 Qc4 27. Rfe1 Re7 28. Qxf8+ 1-0

[Event "Stuttgart-chB int"]
[Site "Ditzingen"]
[Date "2010.05.15"]
[Round "5"]
[White "Zacke, Tim"]
[Black "Hartmann, Lorenz"]
[Result "1/2-1/2"]
[WhiteElo "1736"]
[BlackElo "1860"]
[PlyCount "70"]
[EventDate "2010.05.13"]
[EventType "swiss"]
[EventRounds "7"]
[EventCountry "GER"]
[SourceTitle "EXT 2018"]
[Source "ChessBase"]
[SourceDate "2017.10.13"]
[SourceVersion "1"]
[SourceVersionDate "2017.10.13"]
[SourceQuality "1"]

1. e4 d6 2. d4 Nf6 3. Nc3 g6 4. Nf3 Bg7 5. Be3 0-0 6. Be2 c6 7. 0-0 b5 8. a3 a5 9. Qd2 Ba6 10. Rfe1 b4 11. axb4 axb4 12. Na2 Nxe4 13. Qxb4 Bxe2 14. Rxe2 Qa5 15. Ree1 Nd7 16. Qxa5 Rxa5 17. Nb4 Rxa1 18. Rxa1 Rc8 19. c3 e6 20. Nd2 Nxd2 21. Bxd2 c5 22. dxc5 dxc5 23. Nd3 Nb6 24. Be3 Bf8 25. b4 Nd5 26. Bxc5 Nxc3 27. Kf1 Nd5 28. Bxf8 Kxf8 29. b5 Rb8 30. Rb1 Nc3 31. Rb3 Nxb5 32. Nc5 Ke7 33. Ne4 Rb7 34. Nc5 Rb6 35. Ne4 Rb7 1/2-1/2

[Event "Stuttgart-chB int"]
[Site "Ditzingen"]
[Date "2010.05.13"]
[Round "1"]
[White "Zacke, Tim"]
[Black "Reiss, Michael1"]
[Result "1/2-1/2"]
[WhiteElo "1736"]
[BlackElo "1509"]
[PlyCount "71"]
[EventDate "2010.05.13"]
[EventType "swiss"]
[EventRounds "7"]
[EventCountry "GER"]
[SourceTitle "EXT 2018"]
[Source "ChessBase"]
[SourceDate "2017.10.13"]
[SourceVersion "1"]
[SourceVersionDate "2017.10.13"]
[SourceQuality "1"]

1. e4 d5 2. exd5 Qxd5 3. Nc3 Qa5 4. Nf3 Nf6 5. d3 c6 6. Be2 e6 7. 0-0 Nbd7 8. Bf4 g6 9. Ne4 Nxe4 10. dxe4 e5 11. Bg3 Bg7 12. c3 0-0 13. b4 Qc7 14. Qb3 Bf6 15. Rfd1 b6 16. a4 Bb7 17. Rd2 c5 18. Rad1 Rad8 19. Bb5 Bc6 20. Nxe5 Bxe5 21. Bxc6 Bxg3 22. Bxd7 Bxh2+ 23. Kh1 Bf4 24. Rd5 Be5 25. bxc5 bxc5 26. Qc4 Bg7 27. Qxc5 Rxd7 28. Qxf8+ Bxf8 29. Rxd7 Qxc3 30. Rxa7 Qc2 31. Rd8 Qxe4 32. Raa8 Qe1+ 33. Kh2 Qe5+ 34. g3 Qe2 35. Rxf8+ Kg7 36. Rg8+ 1/2-1/2

[Event "GER-chT U16"]
[Site "Bingen"]
[Date "2008.12.28"]
[Round "4.4"]
[White "Schell, Samuel"]
[Black "Zacke, Tim"]
[Result "0-1"]
[WhiteElo "1301"]
[BlackElo "1543"]
[PlyCount "86"]
[EventDate "2008.12.27"]
[EventType "team-swiss"]
[EventRounds "7"]
[EventCountry "GER"]
[SourceTitle "EXT 2010"]
[Source "ChessBase"]
[SourceDate "2010.11.25"]
[SourceVersion "1"]
[SourceVersionDate "2010.11.25"]
[SourceQuality "1"]
[WhiteTeam "Porz SG U16"]
[BlackTeam "Deizisau U16"]
[WhiteTeamCountry "GER"]
[BlackTeamCountry "GER"]

1. e4 e5 2. Nf3 Nc6 3. Bb5 Bc5 4. 0-0 d6 5. c3 a6 6. Ba4 b5 7. Bb3 Nf6 8. Re1 Bg4 9. h3 Bh5 10. d3 h6 11. Be3 Bxe3 12. Rxe3 0-0 13. d4 exd4 14. cxd4 Bxf3 15. gxf3 Nh5 16. Bd5 Qg5+ 17. Kh2 Nf4 18. Qg1 Qxg1+ 19. Kxg1 Nxd5 20. exd5 Nxd4 21. Na3 b4 22. Rd3 Ne2+ 23. Kf1 Nf4 24. Rd4 bxa3 25. Rxf4 axb2 26. Rb1 Rab8 27. Ke2 Rb5 28. Rd4 Rfb8 29. Kd3 Rc5 30. Ke4 Rc1 31. Rd1 Rxd1 32. Rxd1 b1Q+ 33. Rxb1 Rxb1 34. Ke3 Ra1 35. h4 Rxa2 36. h5 Rb2 37. f4 a5 38. f5 f6 39. f4 a4 40. Kd3 a3 41. Kc3 Rb8 42. Kc2 a2 43. Kd2 a1Q 0-1

[Event "GER-chT U12"]
[Site "Verden an der Aller"]
[Date "2006.12.30"]
[Round "7.3"]
[White "Bruehan, Caren"]
[Black "Zacke, Tim"]
[Result "1/2-1/2"]
[WhiteElo "871"]
[BlackElo "1294"]
[PlyCount "93"]
[EventDate "2006.12.27"]
[EventType "team-swiss"]
[EventRounds "7"]
[EventCountry "GER"]
[SourceTitle "EXT 2008"]
[Source "ChessBase"]
[SourceDate "2007.11.25"]
[SourceVersion "1"]
[SourceVersionDate "2007.11.25"]
[SourceQuality "1"]
[WhiteTeam "Heusweiler SC Reti U12"]
[BlackTeam "Deizisau U12"]
[WhiteTeamCountry "GER"]
[BlackTeamCountry "GER"]

1. e4 e5 2. Nf3 Nc6 3. Bb5 Bc5 4. Bxc6 dxc6 5. h3 Nf6 6. Nc3 0-0 7. d3 h6 8. 0-0 Re8 9. Be3 Bd4 10. Qd2 b6 11. Rfe1 c5 12. Rab1 c6 13. b4 cxb4 14. Rxb4 c5 15. Rb3 Be6 16. Rbb1 Bxc3 17. Qxc3 Bxa2 18. Rbd1 Qd6 19. Rd2 Be6 20. Qxe5 Qxe5 21. Nxe5 Bxh3 22. gxh3 Rxe5 23. f3 Ree8 24. d4 cxd4 25. Bxd4 Rad8 26. c3 Re6 27. Ra2 Rd7 28. Rea1 a5 29. Bxb6 Rxb6 30. Rxa5 Rd3 31. c4 Rxf3 32. Kg2 Rc3 33. Rc5 Nxe4 34. Rc8+ Kh7 35. Rd1 Nd6 36. Rd8 Nxc4 37. R8d7 f6 38. Kh1 Rxh3+ 39. Kg2 Rc3 40. Kh1 Rc2 41. Rg1 Rb5 42. Rgxg7+ Kh8 43. Rh7+ Kg8 44. Rhg7+ Kf8 45. Rgf7+ Ke8 46. Rfe7+ Kf8 47. Rf7+ 1/2-1/2

[Event "GER-chT U12"]
[Site "Verden an der Aller"]
[Date "2006.12.28"]
[Round "3.3"]
[White "Schwiddessen, Jan"]
[Black "Zacke, Tim"]
[Result "0-1"]
[WhiteElo "1120"]
[BlackElo "1294"]
[PlyCount "120"]
[EventDate "2006.12.27"]
[EventType "team-swiss"]
[EventRounds "7"]
[EventCountry "GER"]
[SourceTitle "EXT 2008"]
[Source "ChessBase"]
[SourceDate "2007.11.25"]
[SourceVersion "1"]
[SourceVersionDate "2007.11.25"]
[SourceQuality "1"]
[WhiteTeam "Brackel SF U12"]
[BlackTeam "Deizisau U12"]
[WhiteTeamCountry "GER"]
[BlackTeamCountry "GER"]

1. e4 e5 2. Nf3 Nc6 3. Bc4 Bc5 4. d3 d6 5. h3 h6 6. 0-0 Nf6 7. c3 Be6 8. Bb3 0-0 9. Re1 d5 10. Qe2 d4 11. Nbd2 Qd7 12. Nh2 Rfd8 13. Bc2 Bb6 14. Ndf1 dxc3 15. bxc3 Qe7 16. Ng3 Ba5 17. Bd2 Qa3 18. Nf5 Bxf5 19. exf5 Bxc3 20. Bxc3 Qxc3 21. Red1 Nd4 22. Qd2 Qxc2 23. Qxc2 Nxc2 24. Rac1 Nd4 25. Rxc7 Nxf5 26. Rxb7 e4 27. Rb3 Nd4 28. f3 Nxb3 29. axb3 Rxd3 30. Rxd3 exd3 31. Kf2 Nd5 32. Ke1 Rd8 33. Nf1 Ne3 34. Nxe3 Kf8 35. Kd2 Ke7 36. Ng4 Rb8 37. Kc3 d2 38. Ne3 Ke6 39. f4 f5 40. g4 g6 41. b4 a6 42. Kd4 Re8 43. Nd1 Rc8 44. Kd3 Rb8 45. Kc3 Kd5 46. Nf2 d1Q 47. Nxd1 Ke4 48. Kc4 Kxf4 49. gxf5 Kxf5 50. Ne3+ Kg5 51. Ng2 h5 52. Kc3 h4 53. Kc4 Kh5 54. Nf4+ Kh6 55. Ng2 g5 56. Kc3 Kh5 57. Ne3 Kg6 58. Kc4 Kf6 59. Ng2 Kf5 60. Ne3+ Kf4 0-1

[Event "GER-chT U12"]
[Site "Verden an der Aller"]
[Date "2006.12.27"]
[Round "1.3"]
[White "Galkin, Wladislaw"]
[Black "Zacke, Tim"]
[Result "0-1"]
[WhiteElo "1498"]
[BlackElo "1294"]
[PlyCount "93"]
[EventDate "2006.12.27"]
[EventType "team-swiss"]
[EventRounds "7"]
[EventCountry "GER"]
[SourceTitle "EXT 2008"]
[Source "ChessBase"]
[SourceDate "2007.11.25"]
[SourceVersion "1"]
[SourceVersionDate "2007.11.25"]
[SourceQuality "1"]
[WhiteTeam "Berlin TuS Makkabi U12"]
[BlackTeam "Deizisau U12"]
[WhiteTeamCountry "GER"]
[BlackTeamCountry "GER"]

1. d4 d5 2. c4 e6 3. Nc3 Nf6 4. Bg5 Bb4 5. Nf3 Nc6 6. e3 h6 7. Bh4 g5 8. Bg3 Ne4 9. Qc2 Nxc3 10. bxc3 Bd6 11. Bxd6 Qxd6 12. cxd5 exd5 13. Bd3 Bd7 14. 0-0 0-0-0 15. Rab1 g4 16. Nd2 h5 17. Qb2 Na5 18. Nb3 Nxb3 19. Qxb3 Bc6 20. c4 dxc4 21. Bxc4 h4 22. Bxf7 h3 23. Be6+ Kb8 24. g3 Qf8 25. Bxg4 Bf3 26. Be6 Rd6 27. Bc4 Rhh6 28. Qb2 Be4 29. Qe2 Bxb1 30. Rxb1 Rb6 31. Rd1 Qf6 32. Qd2 Qf5 33. Bd3 Qf3 34. Bf1 Qe4 35. Qe2 Rb5 36. Rc1 Rf5 37. Qc4 Qe7 38. Qd3 Rf3 39. Rb1 b6 40. Qb3 Rhf6 41. Rb2 Qf8 42. Bxh3 Rxf2 43. Rxf2 Rxf2 44. Bg2 Re2 45. Bf3 Qxf3 46. Qg8+ Kb7 47. Qd5+ 0-1